00249nam a2200097Ia 4500008004100000100000900041245003400050260004300084942000700127999001700134190216s9999||||xx |||||||||||||| ||und|| aNull 0aHindi-Darpana Mukth He Jelper bSahithya Pravarthaka Sahakarana Sangam cBK c17298d17298